There's a fungus among us : (Record no. 1560)

MARC details
000 -LEADER
fixed length control field 00952cam a22003014a 4500
005 - DATE AND TIME OF LATEST TRANSACTION
control field 20231124144315.0
020 ## - INTERNATIONAL STANDARD BOOK NUMBER
International Standard Book Number 0531120716
020 ## - INTERNATIONAL STANDARD BOOK NUMBER
International Standard Book Number 9780531120712
040 ## - CATALOGING SOURCE
Original cataloging agency DLC
Transcribing agency DLC
Modifying agency IG#
-- BAKER
-- BTCTA
-- DLC
Language of cataloging eng
050 ## - LIBRARY OF CONGRESS CALL NUMBER
Classification number RC115.D53
082 00 - DEWEY DECIMAL CLASSIFICATION NUMBER
Edition number 22
Classification number 616.9
100 1# - MAIN ENTRY--PERSONAL NAME
Personal name DiConsiglio, John.
245 10 - TITLE STATEMENT
Title There's a fungus among us :
Remainder of title true stories of killer molds /
Statement of responsibility, etc. John DiConsiglio.
246 30 - VARYING FORM OF TITLE
Title proper/short title True stories of killer molds
260 ## - PUBLICATION, DISTRIBUTION, ETC.
Place of publication, distribution, etc. New York :
Name of publisher, distributor, etc. Franklin Watts,
Date of publication, distribution, etc. 2008.
300 ## - PHYSICAL DESCRIPTION
Extent 64 pages :
Other physical details color illustrations, maps
Dimensions 24 cm
490 0# - SERIES STATEMENT
Series statement Medical files
500 ## - GENERAL NOTE
General note "True-life cases!"--Cover.
505 ## - FORMATTED CONTENTS NOTE
Formatted contents note R <br/>
520 ## - SUMMARY, ETC.
Summary, etc. Learn about deadly fungi from real-life cases.
521 ## - TARGET AUDIENCE NOTE
Target audience note 710 <br/>
Source Lexile <br/>
521 ## - TARGET AUDIENCE NOTE
Target audience note R <br/>
Source Raz-Plus <br/>
650 #0 - SUBJECT ADDED ENTRY--TOPICAL TERM
Topical term or geographic name entry element Bacterial diseases
Form subdivision Juvenile literature.
650 #1 - SUBJECT ADDED ENTRY--TOPICAL TERM
Topical term or geographic name entry element Bacterial diseases.
906 ## - LOCAL DATA ELEMENT F, LDF (RLIN)
a 7
b cbc
c orignew
d 1
e ecip
f 20
g y-gencatlg
942 ## - ADDED ENTRY ELEMENTS (KOHA)
Source of classification or shelving scheme Dewey Decimal Classification
Koha item type Books
Suppress in OPAC No
999 ## -
-- 1560
-- 1560
Holdings
Withdrawn status Lost status Source of classification or shelving scheme Damaged status Not for loan Collection Home library Current library Shelving location Date acquired Total Checkouts Full call number Barcode Date last seen Date last checked out Copy number Price effective from Koha item type
    Dewey Decimal Classification     Non-Fiction Footprints International School Library Network Toul Kork Campus Footprints International School Library Network Toul Kork Campus   09/06/2023 1 DIC Fic RC115.D53 FISSE00333 06/05/2025 04/04/2025 1 09/06/2023 Books
    Dewey Decimal Classification     Non-Fiction Footprints International School Library Network Toul Kork Campus Footprints International School Library Network Toul Kork Campus   09/06/2023   DIC Fic RC115.D53 FISSE00336 04/23/2025   2 09/06/2023 Books